Normal view
MARC view
Entry Personal Name
001 - CONTROL NUMBER
- control field: 8307
003 - CONTROL NUMBER IDENTIFIER
- control field: OSt
005 - DATE AND TIME OF LATEST TRANSACTION
- control field: 20190814062800.0
008 - FIXED-LENGTH DATA ELEMENTS
- fixed length control field: 190814|| aca||aabn | a|a d
040 ## - CATALOGING SOURCE
- Original cataloging agency: OSt
- Transcribing agency: OSt
100 ## - HEADING--PERSONAL NAME
- Personal name: Kippersluis, Hans van
670 ## - SOURCE DATA FOUND
- Source citation: Work cat.: (OSt): Galama, Titus J. 8305, A theory of socio-economic disparities in health over the life cycle , 2019
